000 00697cam a22002533a 4500
001 30773
003 PGUSA
005 20140828083651.0
008 091227s2009||||xxu|||||s|||||000 1 eng d
040 _aPGUSA
_beng
042 _adc
050 4 _aPS
100 1 _aSamachson, Joseph,
_d1906-1980
245 1 0 _aDead Man's Planet
_h[electronic resource] /
_cJoseph Samachson
260 _bProject Gutenberg,
_c2009
506 _aPublic domain in the USA.
516 _aElectronic text
653 _aScience fiction
653 _aShort stories
700 1 _aEmshwiller, Ed,
_d1925-1990
830 0 _aProject Gutenberg
_v30773
856 4 0 _uhttp://www.gutenberg.org/ebooks/30773
942 _cEB
999 _c260028
_d260028